=LDR 00000nam 2200000 4500 =001 INLIS000000000056754 =005 20200929090537 =035 ##$$a 0010-0920000385 =007 ta =008 200929################g##########0#ind## =082 ##$$a 306.095 986 4 =084 ##$$a 306.095 986 4 ERN k =100 #$$a Ernayanti, =245 1#$$a Kampungku di Sulawesi Tenggara /$c Ernayanti, Hartati =260 ##$$a Jakarta :$b Proyek Pemanfaatan Kebudayaan Direktorat Tradsi dan Kepercayaan,$c 2002 =300 ##$$a v, 61 hlm. : $b ilus. ; $c 21 x 15 cm. =650 #4$$a Kebuyaan - Sulawesi Tenggara =700 #$$a Hartati =990 ##$$a 30400063